Asbestos Information Centre (Record no. 120323)
[ view plain ]
| 000 -LEADER | |
|---|---|
| fixed length control field | 00816cam a2200169 4500 |
| 001 - CONTROL NUMBER | |
| control field | WS123468 |
| 008 - FIXED-LENGTH DATA ELEMENTS--GENERAL INFORMATION | |
| fixed length control field | 030902n 000 0 eng u |
| 035 ## - SYSTEM CONTROL NUMBER | |
| System control number | (Sirsi) u123468 |
| 110 ## - MAIN ENTRY--CORPORATE NAME | |
| Corporate name or jurisdiction name as entry element | Asbestos Information Centre |
| 9 (RLIN) | 372 |
| 245 ## - TITLE STATEMENT | |
| Title | Asbestos Information Centre |
| 520 ## - SUMMARY, ETC. | |
| Summary, etc. | Web site for this independent organisation that provides advice to the general public and others on managing asbestos containing products in buildings to keep the fibre release to the minimum. Includes the largest list of trade names of asbestos containing materials anywhere on the internet. |
| 650 ## - SUBJECT ADDED ENTRY--TOPICAL TERM | |
| Topical term or geographic name entry element | MANAGEMENT-HEALTH AND SAFETY-HAZARDOUS SUBSTANCES-ASBESTOS |
| 650 ## - SUBJECT ADDED ENTRY--TOPICAL TERM | |
| Topical term or geographic name entry element | ORGANISATION |
| 690 ## - LOCAL SUBJECT ADDED ENTRY--TOPICAL TERM (OCLC, RLIN) | |
| Topical term or geographic name as entry element | Health and safety |
| 9 (RLIN) | 6244 |
| 856 40 - ELECTRONIC LOCATION AND ACCESS | |
| Uniform Resource Identifier | <a href="https://www.aic.org.uk">https://www.aic.org.uk</a> |
| Public note | View the website free of charge at www.aic.org.uk... |
| 942 ## - ADDED ENTRY ELEMENTS (KOHA) | |
| Suppress in OPAC | 0 |
| Withdrawn status | Lost status | Source of classification or shelving scheme | Damaged status | Not for loan | Home library | Current library | Shelving location | Date acquired | Total Checkouts | Full call number | Barcode | Date last seen | Copy number | Price effective from | Koha item type |
|---|---|---|---|---|---|---|---|---|---|---|---|---|---|---|---|
| Dewey Decimal Classification | Virtual | Virtual | Online | 02/09/2003 | WEB SITE | 123468-1001 | 06/08/2019 | 1 | 06/08/2019 | Online material |